| 000 | 00856nam a22003250a 4500 | ||
|---|---|---|---|
| 001 | PT35061 | ||
| 003 | AR-LpoUNG | ||
| 005 | 20210131230235.0 | ||
| 008 | 191001s1995||||xxu|||||||||||||||||eng d | ||
| 020 |
_a0838440053 _c$18.72 |
||
| 040 |
_aAR-LpoUNG _bspa _cAR-LpoUNG _eaacr |
||
| 041 | _aeng | ||
| 044 | _axxu | ||
| 082 | 0 | _a428 589let | |
| 100 | 1 | _aVetrano, Joni | |
| 245 | 1 | 0 |
_aLet's talk business : _badvanced business |
| 250 | _a1§ edición | ||
| 260 |
_aMassachusetts : _bHeinle & Heinle, _c1995. |
||
| 300 |
_axiii, 185 p. : _bil., tbls. |
||
| 650 | 4 | _aAPRENDIZAJE | |
| 650 | 4 | _aCOMUNICACION | |
| 650 | 4 | _aENSEÑANZA DE IDIOMAS | |
| 650 | 4 | _aGRAMATICA | |
| 650 | 4 | _aLENGUA INGLESA | |
| 651 | 4 | _aDOCUMENTOS TEORICOS O METODOLOGICOS | |
| 700 | 1 | _aBlass, Laurie | |
| 700 | 1 | _aWhalley, Elizabeth | |
| 905 | _a35061 | ||
| 942 | _cLIB | ||
| 999 |
_c2356 _d2356 |
||